[Event "CRO-chT2"]
[Site "Medulin"]
[Date "1997.??.??"]
[Round "?"]
[White "Keglevic, Pavao"]
[Black "Muslija, Idris"]
[Result "1-0"]
[WhiteElo "2245"]
[BlackElo "2160"]

1.e4 c5 2.Nf3 d6 3.Bb5+ Bd7 4.a4 a6 5.Bxd7+ Nxd7 6.d4 cxd4 7.Nxd4 Ngf6 8.Nc3 g6
9.O-O Bg7 10.Kh1 O-O 11.Nb3 Rc8 12.Qe2 Nc5 13.Ra3 Nfd7 14.Nxc5 Nxc5 15.Be3 Re8
16.Rb1 Bxc3 17.bxc3 Qd7 18.Qc4 Rc7 19.a5 Rec8 20.f3 Rc6 21.Qb4 R8c7 22.Kg1 Qc8
23.Qb2 Qe6 24.Qa2 Qd7 25.Qd5 Qc8 26.Qd2 Nd7 27.Bb6 Rxc3 28.Bxc7 Rxa3 29.Qb4 Qxc7
30.Qxa3 Qxc2 31.Rxb7 Qd1+ 32.Kf2 Qd2+ 33.Kf1 Nc5 34.Rb8+ Kg7 35.Qb2+ Qxb2
36.Rxb2 Kf6 37.Ke2 Ke6 38.Ke3 h5 39.h4 f5 40.Kd4 Kd7 41.exf5 gxf5 42.Rb8 Ke6
43.Rh8 Nb3+ 44.Kc3 Nxa5 45.Rxh5 Nc6 46.Rg5 Kf6 47.Rg8 Kf7 48.Ra8 Ne5 49.Rxa6 Ng6
50.Ra4 e5 51.h5 Nf4 52.Rxf4 exf4 53.Kd4 Kf6 54.Kd5 Kg5 55.Ke6 d5 56.h6 Kxh6
57.Kxf5  1-0

[Event "CRO-chT2"]
[Site "Medulin"]
[Date "1997.??.??"]
[Round "?"]
[White "Balenovic, Zvonimir"]
[Black "Vitic, Ivan"]
[Result "1/2-1/2"]
[WhiteElo "2270"]
[BlackElo "2305"]

1.e4 c5 2.Nf3 d6 3.Bb5+ Nd7 4.O-O e6 5.d4 Nf6 6.Nc3 cxd4 7.Qxd4 Be7 8.Bg5 O-O
9.Rad1 h6 10.Bxd7 Bxd7 11.e5 dxe5 12.Nxe5 Bc6 13.Nxc6 bxc6 14.Qxd8 Rfxd8
15.Bh4 Rab8 16.b3 Rb4 17.Bg3 Nd5 18.Na4 Re4 19.f3 Re2 20.Rf2 Rxf2 21.Bxf2 a6
22.c4 Nb4 23.Rxd8+ Bxd8 24.Nc5 Be7 25.a3 Bxc5 26.Bxc5 Nd3 27.Bd6 f5 28.Kf1 Kf7
29.a4 c5 30.Ke2 Nc1+ 31.Kd2 Nxb3+ 32.Kc3 Na5 33.Bxc5 e5 34.Bd6 Nc6 35.Bc5 g6
36.Bb6 h5 37.Be3 Ke6 38.Bb6 g5 39.h3 g4 40.hxg4 hxg4 41.fxg4 fxg4 42.Kd3 Ne7
43.Ke4 Nf5 44.Bf2 Nd6+ 45.Kd3 Nf5 46.g3 Nd6 47.c5 Nf7 48.Kc4 Ng5 49.Be1 Nf3
50.Bf2 Ng5 51.Be1 Ne4 52.c6 Kd6 53.c7 Kxc7 54.Kd5  1/2-1/2

[Event "Central America-ch"]
[Site "MEX"]
[Date "1997.??.??"]
[Round "?"]
[White "Juarez Flores, Gustavo E"]
[Black "Blanco Sing, Israel"]
[Result "1-0"]
[WhiteElo "2275"]
[BlackElo "2365"]

1.e4 c5 2.Nf3 d6 3.Bb5+ Bd7 4.Bxd7+ Qxd7 5.O-O Nc6 6.d3 e5 7.Nc3 Nge7 8.h3 g6
9.Bg5 Bg7 10.Bxe7 Nxe7 11.a4 O-O 12.Nd2 f5 13.Qb1 h5 14.Qa2+ Kh7 15.Nd5 Nc6
16.c3 Bh6 17.Nc4 Rae8 18.Qb3 Re6 19.Qb5 f4 20.f3 g5 21.Kf2 Rg6 22.Rh1 Rfg8
23.Raf1 R8g7 24.Ke2 Kg8 25.Kd2 Rh7 26.Kc2 Bf8 27.Ra1 g4 28.hxg4 hxg4 29.a5  1-0

[Event "Minsk op"]
[Site "Minsk"]
[Date "1997.??.??"]
[Round "1"]
[White "Segal, Naum"]
[Black "Brodsky, Michail"]
[Result "1/2-1/2"]
[WhiteElo "2100"]
[BlackElo "2515"]

1.e4 c5 2.Nf3 d6 3.Bb5+ Nd7 4.O-O Nf6 5.e5 dxe5 6.Nxe5 a6 7.Bxd7+ Nxd7 8.d4 Nxe5
9.dxe5 Qxd1 10.Rxd1 Bf5 11.c4 e6 12.Be3 Be7 13.Nc3 f6 14.f4 Rc8 15.Rd2 fxe5
16.fxe5 Rf8 17.h3 Rc7 18.Rf1 Rd7 19.Rfd1 Rc7 20.g4 Bg6 21.Kg2 h5 22.Kg3 b6
23.b3 Rb7 24.Rf2 Rxf2 25.Kxf2 hxg4 26.hxg4 b5 27.cxb5 axb5 28.Kf3 c4 29.bxc4 bxc4
30.Rd4 Bd3 31.Ne4 Rb5 32.Nd6+ Bxd6 33.Rxd6 Rxe5 34.Bd4 Ra5 35.Rxe6+ Kd7 36.Rb6 g6
37.Rb7+ Kc6 38.Ra7  1/2-1/2

[Event "Minsk op"]
[Site "Minsk"]
[Date "1997.??.??"]
[Round "4"]
[White "Zaitsev, Igor A"]
[Black "Shipov, Sergei"]
[Result "0-1"]
[WhiteElo "2450"]
[BlackElo "2540"]

1.e4 c5 2.Nf3 d6 3.Bb5+ Bd7 4.Bxd7+ Qxd7 5.b4 Nf6 6.bxc5 Nxe4 7.cxd6 Nxd6
8.O-O Nc6 9.d4 e6 10.Ba3 Be7 11.Nc3 O-O 12.Bxd6 Qxd6 13.Ne4 Qf4 14.Qe2 Rad8
15.c3 Rd7 16.Ne1 Qc7 17.f4 Qa5 18.Nf3 Rc7 19.a4 Rd8 20.Qe3 Bf8 21.Qe1 Ne7
22.Ne5 Nd5 23.Rf3 Nxc3 24.Rg3 Qb6 25.Qxc3 Rxd4 26.Nf6+ Kh8 27.Kf1 Rxf4+ 28.Rf3 Rxf6
29.Qd3 Rxf3+ 30.Nxf3 Qc5 31.Rb1 b6 32.Rb5 Qc4 33.Qxc4 Rxc4 34.Ng5 Rxa4 35.Nxf7+ Kg8
36.Ng5 Rf4+ 37.Ke2 Bc5 38.Nf3  0-1

[Event "Minsk op"]
[Site "Minsk"]
[Date "1997.??.??"]
[Round "9"]
[White "Chekurov, Vyacheslav"]
[Black "Malisauskas, Vidmantas"]
[Result "1/2-1/2"]
[WhiteElo "2395"]
[BlackElo "2530"]

1.e4 c5 2.Nf3 d6 3.Bb5+ Bd7 4.Bxd7+ Qxd7 5.c4 Nf6 6.Nc3 Nc6 7.O-O g6 8.d4 cxd4
9.Nxd4 Bg7 10.Nde2 O-O 11.f3 Rfc8 12.Be3 Qd8  1/2-1/2

[Event "Montcada op"]
[Site "Montcada"]
[Date "1997.??.??"]
[Round "5"]
[White "Vidarte Morales, Arturo"]
[Black "Garcia Ilundain, David"]
[Result "1/2-1/2"]
[WhiteElo "2370"]
[BlackElo "2500"]

1.e4 c5 2.Nf3 d6 3.Bb5+ Bd7 4.Bxd7+ Qxd7 5.O-O Nc6 6.c4 g6 7.d4 cxd4 8.Nxd4 Bg7
9.Nc2 Rc8 10.Ne3 Nf6 11.f3 O-O 12.Nc3 e6 13.Rb1 Rfd8 14.b3 Qc7 15.Kh1  1/2-1/2

[Event "Mitropa Cup 17th"]
[Site "Montecatini Terme"]
[Date "1997.??.??"]
[Round "1"]
[White "Golubovic, Boris"]
[Black "Mantovani, Renzo"]
[Result "1-0"]
[WhiteElo "2435"]
[BlackElo "2375"]

1.e4 c5 2.Nf3 d6 3.Bb5+ Bd7 4.Bxd7+ Nxd7 5.O-O Ngf6 6.Re1 e6 7.b3 Be7 8.Bb2 O-O
9.c4 a6 10.d4 cxd4 11.Nxd4 Re8 12.Nc3 Rc8 13.Qd2 Bf8 14.Nf3 Qa5 15.Nd5 Qxd2
16.Nxf6+ Nxf6 17.Nxd2 Nd7 18.Bd4 g6 19.Nf1 Rc6 20.Ne3 h5 21.Rad1 b5 22.g3 Ne5
23.Kg2 g5 24.h3 Ng6 25.Re2 Bh6 26.Bf6 Nf8 27.Bb2 Nd7 28.Ba3 Bf8 29.Red2 Nc5
30.Bxc5 Rxc5 31.Rc2 Rec8 32.Rdc1 Be7 33.cxb5 Rxc2 34.Rxc2 Rxc2 35.Nxc2 axb5
36.Nd4 b4 37.Nc6 Kf8 38.Nxb4 d5 39.Nc6 dxe4 40.a4 Bc5 41.a5 Ke8 42.a6 Kd7
43.a7 Bxa7 44.Nxa7 f5 45.Nb5 Kc6 46.Nd4+ Kd5 47.Nc2 e5 48.Kf1 f4 49.Ke2 g4
50.hxg4 hxg4 51.Ne3+  1-0

[Event "Mitropa Cup 17th"]
[Site "Montecatini Terme"]
[Date "1997.??.??"]
[Round "1"]
[White "Grosar, Aljosa"]
[Black "Wilhelmi, Christian"]
[Result "1-0"]
[WhiteElo "2455"]
[BlackElo "2405"]

1.e4 c5 2.Nf3 d6 3.Bb5+ Bd7 4.Bxd7+ Qxd7 5.O-O Nc6 6.c3 Nf6 7.d4 cxd4 8.cxd4 d5
9.e5 Ne4 10.Ne1 f6 11.f3 Ng5 12.Bxg5 fxg5 13.f4 gxf4 14.Nd3 e6 15.Nxf4 O-O-O
16.Nc3 Bb4 17.Qd3 Kb8 18.Rad1 g6 19.Qh3 Rhe8 20.Nd3 Ba5 21.Nc5 Qe7 22.Nb5 Nxd4
23.Nxd4 Qxc5 24.Kh1 Qe7 25.Rf6 Qd7 26.Rxe6 Rxe6 27.Qxe6 Qxe6 28.Nxe6 Re8
29.Nc5 Kc7 30.Rc1 Bb6 31.h3 Bxc5 32.Rxc5+ Kd7 33.Rxd5+ Kc6 34.Rd6+ Kc7 35.Rf6 Re7
36.b4 Kd7 37.Rd6+ Kc7 38.Rd5 b6 39.Kh2 Kc6 40.Rd6+ Kc7 41.Rf6 Kd7 42.Kg3 Rxe5
43.Rf7+ Re7 44.Rxe7+ Kxe7 45.Kf4 Kf6 46.b5 Ke6 47.Kg5 Kf7 48.Kh6 Kg8 49.h4 Kh8
50.h5 gxh5 51.Kxh5 Kg8 52.Kg5 Kg7 53.a3 Kf7 54.Kf5 Ke7 55.Ke5 h6 56.a4 Kd7
57.Kf6  1-0

[Event "Mitropa Cup 17th"]
[Site "Montecatini Terme"]
[Date "1997.??.??"]
[Round "6"]
[White "Ekstroem, Roland"]
[Black "Vokac, Marek"]
[Result "1-0"]
[WhiteElo "2475"]
[BlackElo "2480"]

1.e4 c5 2.Nf3 d6 3.Bb5+ Nc6 4.O-O Bd7 5.Re1 a6 6.Bf1 Nf6 7.c3 e5 8.h3 Be7
9.d4 Qc7 10.d5 Nd8 11.a4 O-O 12.a5 Ne8 13.Nbd2 f5 14.exf5 Bxf5 15.Nc4 Nf7
16.Bd3 g6 17.Qc2 Ng7 18.g4 Bd7 19.Nb6 Rad8 20.Nxd7 Rxd7 21.Kg2 Qd8 22.Qd2 Bf6
23.Be4 Nh8 24.Rh1 Rdf7 25.Qe2 Bh4 26.Bh6 g5 27.Qd3 Ng6 28.Bxg6 Rxf3 29.Bxh7+ Kh8
30.Bxg7+ Kxg7 31.Qg6+ Kh8 32.Qh6 Rxf2+ 33.Kg1 R8f6 34.Bg6+ Kg8 35.Qh7+ Kf8
36.Rh2 R2f4 37.Re2 c4 38.Re4 Rxg6 39.Qxg6 b5 40.Rf1 Qe7 41.Rfxf4+ gxf4 42.Kg2 Qf6
43.Qxf6+ Bxf6 44.Kf3 Kf7 45.b3 cxb3 46.Rb4 e4+ 47.Kxe4 Bxc3 48.Rxb3 Bd2 49.Rb2 Bc3
50.Rc2 b4 51.Kxf4 Be5+ 52.Kf5 b3 53.Rc7+  1-0

[Event "Mitropa Cup 17th"]
[Site "Montecatini Terme"]
[Date "1997.??.??"]
[Round "8"]
[White "Mohr, Georg"]
[Black "Horvath, Csaba"]
[Result "1/2-1/2"]
[WhiteElo "2480"]
[BlackElo "2530"]

1.e4 c5 2.Nf3 d6 3.Bb5+ Bd7 4.Bxd7+ Qxd7 5.O-O Nc6 6.b3 Nf6 7.Re1 e6 8.d4 cxd4
9.Nxd4 Be7 10.Bb2 O-O 11.c4  1/2-1/2

[Event "Moravia-chT 9697"]
[Site "?"]
[Date "1997.??.??"]
[Round "?"]
[White "Sosna, Jan"]
[Black "Chytilek, Roman"]
[Result "1/2-1/2"]
[WhiteElo "2350"]
[BlackElo "2355"]

1.e4 c5 2.Nf3 d6 3.Bb5+ Nd7 4.d4 cxd4 5.Qxd4 a6 6.Bxd7+ Bxd7 7.Nc3 e5 8.Qd3 h6
9.Be3 Nf6 10.O-O-O Be7 11.h3  1/2-1/2

[Event "Moravia-chT 9697"]
[Site "?"]
[Date "1997.??.??"]
[Round "?"]
[White "Fuksik, Jakub"]
[Black "Zabystrzan, Pavel"]
[Result "0-1"]
[WhiteElo "2255"]
[BlackElo "2300"]

1.e4 c5 2.Nf3 d6 3.Bb5+ Bd7 4.Bxd7+ Nxd7 5.c4 Ngf6 6.Nc3 g6 7.O-O Bg7 8.d4 cxd4
9.Nxd4 O-O 10.b3 a6 11.Be3 Qa5 12.Rc1 Rfc8 13.a4 Ne5 14.f3 Nc6 15.Nde2 Nd7
16.Nd5 e6 17.Ndc3 Nc5 18.Na2 b5 19.cxb5 axb5 20.Qxd6 Bf8 21.Qd1 bxa4 22.bxa4 Nxa4
23.Nec3 Nb2 24.Qc2 Nc4 25.Bf2 Nb4 26.Qd1 Rd8 27.Qa4 Qc7 28.Qb5 Ra5 29.Bg3 Qc8
30.Qxa5 Nxa5 31.Nd5 Bc5+ 32.Rxc5 Qxc5+ 33.Bf2 Rxd5  0-1

[Event "Goldberg mem"]
[Site "Moscow "]
[Date "1997.??.??"]
[Round "9"]
[White "Komliakov, Viktor"]
[Black "Vorobiov, Evgeny E"]
[Result "0-1"]
[WhiteElo "2460"]
[BlackElo "2435"]

1.e4 c5 2.Nf3 d6 3.Bb5+ Nd7 4.O-O a6 5.Bxd7+ Bxd7 6.d4 cxd4 7.Qxd4 Nf6 8.Bg5 e6
9.Rd1 Bc6 10.Nbd2 Be7 11.e5 dxe5 12.Qxd8+ Rxd8 13.Nxe5 Rc8 14.Nxc6 Rxc6 15.c3 Nd5
16.Bxe7 Kxe7 17.Nf3 Rd8 18.Rd4 Rcd6 19.g3 f6 20.Re1 e5 21.Re2 b5 22.Rh4 h6
23.c4 Nc7 24.cxb5 Nxb5 25.Rc4 g5 26.h4 Ke6 27.hxg5 hxg5 28.Kg2 Kf5 29.a4 Nd4
30.Re3 g4 31.Nxd4+ Rxd4 32.b3 Rd2 33.Rec3 Rb2 34.Rc2 Rxb3 35.Rc6 Rd1 36.Rxa6 Rbb1
37.f4 exf4 38.Rc5+ Kg6 39.gxf4 Rd2+  0-1

[Event "Goldberg mem"]
[Site "Moscow "]
[Date "1997.??.??"]
[Round "13"]
[White "Komliakov, Viktor"]
[Black "Baikov, Vladimir A"]
[Result "1/2-1/2"]
[WhiteElo "2460"]
[BlackElo "2455"]

1.e4 c5 2.Nf3 d6 3.Bb5+ Bd7 4.Bxd7+ Nxd7 5.O-O Ngf6 6.Qe2 e6 7.Rd1 Be7 8.d4 cxd4
9.Nxd4 a6 10.c4 Qc7 11.Nc3 O-O 12.b3 Rac8 13.Bb2 Rfd8  1/2-1/2

[Event "Moscow-1"]
[Site "Moscow"]
[Date "1997.??.??"]
[Round "1"]
[White "Zaitsev, Igor A"]
[Black "Odeev, Handszar"]
[Result "1/2-1/2"]
[WhiteElo "2450"]
[BlackElo "2420"]

1.e4 c5 2.Nf3 d6 3.Bb5+ Bd7 4.Bxd7+ Qxd7 5.O-O Nf6 6.Re1 Nc6 7.c3 e5 8.d4 Be7
9.Bg5 h6 10.Bxf6 Bxf6 11.dxc5 dxc5 12.Qxd7+ Kxd7 13.Na3 Rhd8 14.Rad1+ Ke6
15.Nb5 Rac8 16.Rxd8 Bxd8 17.Rd1 Be7 18.Na3 Rd8 19.Rxd8 Bxd8 20.Kf1 g6 21.Ke2 f5
22.Nc4  1/2-1/2

[Event "Moscow-ch"]
[Site "Moscow"]
[Date "1997.??.??"]
[Round "8"]
[White "Krasnov, Sergey"]
[Black "Kalinin, Alexander"]
[Result "1-0"]
[WhiteElo "2325"]
[BlackElo "2425"]

1.e4 c5 2.Nf3 d6 3.Bb5+ Bd7 4.Bxd7+ Nxd7 5.O-O Ngf6 6.Re1 e6 7.b3 Be7 8.Bb2 O-O
9.c4 Re8 10.d4 cxd4 11.Bxd4 Qa5 12.Nbd2 a6 13.a3 Rac8 14.b4 Qh5 15.Qa4 Red8
16.Rac1 Ng4 17.h3 Nge5 18.Bxe5 Nxe5 19.Nxe5 Qxe5 20.Nf3 Qf4 21.Rc2 Rc7 22.b5 Rcc8
23.bxa6 bxa6 24.Nd4 Bf6 25.Nc6 Rf8 26.Re3 Ra8 27.Qb4 Be5 28.g3 Qf6 29.Qb6 g5
30.Kg2 h5 31.c5 h4 32.Rf3 Qg7 33.Ne7+ Kh8 34.cxd6 hxg3 35.fxg3 g4 36.hxg4 Qxg4
37.Qe3 Kg7 38.Rcf2 Bxd6 39.Qd4+ f6 40.Qxd6 Qxe4 41.Nc6 Kg6 42.Kg1 Rae8 43.Qd7 f5
44.Ne7+ Kg5 45.Nxf5 Qe1+ 46.Rf1 Qe5 47.Qd2+  1-0

[Event "Moscow-ch"]
[Site "Moscow"]
[Date "1997.??.??"]
[Round "8"]
[White "Hait, Alexander"]
[Black "Dubinski, Roman"]
[Result "1-0"]
[WhiteElo "2370"]
[BlackElo "2295"]

1.e4 c5 2.Nf3 d6 3.Bb5+ Nd7 4.c3 Nf6 5.d3 a6 6.Ba4 e5 7.Nbd2 b5 8.Bc2 Be7
9.Nf1 O-O 10.Ng3 Nb6 11.O-O Qc7 12.Re1 Re8 13.h3 Bd7 14.d4 Rac8 15.d5 a5
16.Nh2 b4 17.Qe2 c4 18.Bd2 bxc3 19.Bxc3 Ra8 20.Qd2 Qc5 21.Kh1 Ba4 22.Nf5 Bxc2
23.Qxc2 Bf8 24.Rac1 g6 25.Ne3 Bg7 26.Nf3 Bh6 27.Bd2 Rec8 28.b3 c3 29.Bxc3 Ra7
30.Qb1 Qb5 31.Bd2 Rac7 32.Rxc7 Rxc7 33.Nc4 Bxd2 34.Nfxd2 Qc5 35.Kg1 Nh5 36.Qd3 Nf4
37.Qe3 Qxe3 38.Rxe3 Nxc4 39.Nxc4 a4 40.h4 axb3 41.axb3 Rd7 42.Na5 Ra7 43.b4 f5
44.f3 Kf7 45.Kf2 Ke8 46.Ra3 Kd7 47.g3 Nh5 48.b5 Nf6 49.b6 Ra8 50.b7 Rb8 51.Ke3 Kc7
52.Rc3+ Kd7 53.Rc4 Ne8 54.Kd3 Nc7 55.Rb4 Na6 56.Rb5 Nc5+ 57.Kc4 fxe4 58.fxe4 Nxe4
59.Nc6 Kc7 60.Nxb8 Kxb8 61.Rb6 Nxg3 62.Kb5 Ne4 63.Kc6 Nc5 64.Kxd6 Nd3 65.Ke7 Nf4
66.Rb5 Ne2 67.d6 Nd4 68.Rb2 Nf5+ 69.Ke6 Nd4+ 70.Kxe5 Nc6+ 71.Kf6 Nd8 72.Rb6 h5
73.Ke7  1-0

[Event "Moscow-1"]
[Site "Moscow"]
[Date "1997.??.??"]
[Round "10"]
[White "Zaitsev, Igor A"]
[Black "Losev, Dmitry"]
[Result "1-0"]
[WhiteElo "2450"]
[BlackElo "2435"]

1.e4 c5 2.Nf3 d6 3.Bb5+ Nd7 4.d4 Nf6 5.c4 Nxe4 6.Qe2 Nf6 7.dxc5 dxc5 8.Nc3 g6
9.Bg5 Bg7 10.Ne5 a6 11.Bxf6 Bxf6 12.Bxd7+ Bxd7 13.O-O-O Bg5+ 14.Kb1 Bf5+
15.Ka1 Qa5 16.f4 Bf6 17.g4 Be6 18.f5 Qc7 19.Rhe1 gxf5 20.gxf5 Bxf5 21.Nd5 Qxe5
22.Qxe5 Bxe5 23.Rxe5 O-O-O 24.Rxf5 e6 25.Ne7+ Kc7 26.Rxc5+ Kb6 27.Rxd8 Rxd8
28.b4 Ka7 29.Nc8+ Kb8 30.Nb6 f5 31.Re5 Kc7 32.Rxe6 Rd1+ 33.Kb2 Rd2+ 34.Kc3 Rxa2
35.Kd4 Rxh2 36.Kc5 f4 37.Re7+ Kd8 38.Rxb7 Ke8 39.Nd5 f3 40.Nf6+ Kf8 41.Nxh7+ Kg8
42.Nf6+ Kf8 43.Rd7 Re2 44.Rd3 Re5+ 45.Nd5 Rf5 46.Rd1 Kf7 47.Kd6 f2 48.Rf1  1-0

[Event "FIN-ch op"]
[Site "Naan"]
[Date "1997.??.??"]
[Round "?"]
[White "Nyysti, Sampsa"]
[Black "Kanko, Ilkka"]
[Result "1/2-1/2"]
[WhiteElo "2110"]
[BlackElo "2270"]

1.e4 c5 2.Nf3 d6 3.Bb5+ Bd7 4.Bxd7+ Nxd7 5.O-O g6 6.c3 Ngf6 7.Qe2 Bg7 8.d4 cxd4
9.cxd4 d5 10.e5 Ne4 11.Nc3 Nxc3 12.bxc3 O-O 13.e6 Nb6 14.exf7+ Rxf7 15.Ng5 Rf6
16.Ba3 Qd7 17.Qxe7 Qxe7 18.Bxe7 Rc6 19.Rae1 Rxc3 20.Ne6 Bh8 21.f4 Re8 22.Bc5 Nd7
23.Ng5 Rxe1 24.Rxe1 Bf6 25.Re8+ Kg7 26.Rc8 b6 27.Rc7 bxc5 28.Rxd7+ Kg8 29.dxc5 Rxc5
30.Kf2 h6 31.Nf7 Bg7 32.Ne5 Bxe5  1/2-1/2

[Event "New York op"]
[Site "New York"]
[Date "1997.??.??"]
[Round "?"]
[White "Klinova, Masha"]
[Black "De Firmian, Nick E"]
[Result "1/2-1/2"]
[WhiteElo "2340"]
[BlackElo "2575"]

1.e4 c5 2.Nf3 d6 3.Bb5+ Bd7 4.Bxd7+ Qxd7 5.c4 Nc6 6.Nc3 g6 7.d4 cxd4 8.Nxd4 Bg7
9.Be3 Nf6 10.f3 O-O 11.Qd2 a6 12.Rc1 Rac8 13.b3 b5 14.cxb5 Nxd4 15.Bxd4 axb5
16.O-O Qb7 17.Rfd1 b4 18.Ne2 Rfd8 19.Rxc8 Rxc8 20.Rc1 Rxc1+ 21.Qxc1 d5 22.exd5 Nxd5
23.Bxg7 Kxg7 24.Qc5 e6 25.Qd4+ Kg8 26.Nf4 Qb6 27.Qxb6 Nxb6 28.Kf2 g5 29.Nd3 Nd5
30.Ke1 Kf8 31.Kd2 Ke7 32.Ne5 f6 33.Nc4 e5 34.a4 bxa3 35.Nxa3 h5 36.Nc4 Ke6
37.g3 f5 38.Ke2 Nb4 39.Ne3 g4 40.fxg4 hxg4 41.Kf2 Nd3+ 42.Kg2 e4 43.h4 gxh3+
44.Kxh3 Ke5 45.Kh4  1/2-1/2

[Event "New York op"]
[Site "New York"]
[Date "1997.??.??"]
[Round "?"]
[White "Curdo, John"]
[Black "Van Wely, Loek"]
[Result "0-1"]
[WhiteElo "2295"]
[BlackElo "2645"]

1.e4 c5 2.Nf3 d6 3.Bb5+ Nd7 4.d4 Nf6 5.O-O a6 6.Bxd7+ Nxd7 7.Nc3 e6 8.Bg5 Qc7
9.Re1 b5 10.a3 Bb7 11.Qd2 h6 12.Bh4 cxd4 13.Nxd4 g5 14.Bg3 Ne5 15.a4 Nc4
16.Qe2 b4 17.Na2 Bg7 18.c3 bxc3 19.bxc3 O-O 20.Rab1 Rac8 21.h4 Qe7 22.hxg5 hxg5
23.Nb4 Rc7 24.Nbc6 Bxc6 25.Qxc4 Bxe4 26.Qxa6 Bxb1 27.Bxd6 Bd3 28.Qb6 Rb7
29.Qc5 Qf6 30.Re3 Rb1+ 31.Kh2 g4 32.Kg3 Rh1 33.Rxd3 Qh4+ 34.Kf4 g3+  0-1

[Event "New York op"]
[Site "New York"]
[Date "1997.??.??"]
[Round "?"]
[White "Perdomo, Carlos Andres"]
[Black "Van Wely, Loek"]
[Result "0-1"]
[WhiteElo "2330"]
[BlackElo "2645"]

1.e4 c5 2.Nf3 d6 3.Bb5+ Bd7 4.Bxd7+ Qxd7 5.O-O Nf6 6.Nc3 Nc6 7.d4 cxd4 8.Nxd4 g6
9.Nd5 Bg7 10.Nxc6 bxc6 11.Nxf6+ Bxf6 12.c4 O-O 13.Rb1 c5 14.Qe2 a5 15.f4 Bd4+
16.Kh1 f5 17.Be3 Bxe3 18.Qxe3 Qe6 19.Rbe1 fxe4 20.Qxe4 Qxe4 21.Rxe4 Ra7 22.Rf3 Rb8
23.b3 a4 24.h4 axb3 25.axb3 Kg7 26.Kh2 h5 27.Re1 Rf8 28.Kh3 Rf6 29.Re4 Kf7
30.Rfe3 e6 31.Rd3 Ke7 32.g3 Ra2 33.Re1 Kd7 34.Red1 Ra6 35.R1d2 Rf8 36.Re2 Rf6
37.Red2 Kc7 38.Rc2 Ra8 39.Rdc3 Kd7 40.Rd3 Rff8 41.Rcd2 Ra6 42.Re3 Rb8 43.Red3 Rab6
44.Kg2 Ke7 45.Kh2 Rxb3 46.Rxd6 Rb2 47.Rd7+ Kf6 48.Kh3 Rxd2 49.Rxd2 Rb4 50.Rc2 Rb3
51.Rc1 Rd3 52.Rc2 Rd4 53.Rc1 Kf5 54.Rc2 e5 55.fxe5 Kxe5 56.Rc1 Rg4 57.Kg2 Kd4
58.Kf2 Kd3 59.Kf3 Rd4 60.Re1 Kxc4 61.Rc1+ Kd5 62.Ra1 Ke5 63.Ra8 Kd5 64.Rd8+ Kc4
65.Rc8 Rg4 66.Rc7 Kd4 67.Rd7+ Kc3 68.Rc7 c4 69.Rc8 Kd3 70.Rd8+ Rd4 71.Rc8 c3
72.Rc6 c2  0-1

[Event "MCC-ch"]
[Site "New York"]
[Date "1997.??.??"]
[Round "3"]
[White "Benjamin, Joel"]
[Black "Ashley, Maurice"]
[Result "1/2-1/2"]
[WhiteElo "2555"]
[BlackElo "2465"]

1.e4 c5 2.Nf3 d6 3.Bb5+ Bd7 4.Bxd7+ Qxd7 5.c4 Nc6 6.O-O g6 7.d4 cxd4 8.Nxd4 Nxd4
9.Qxd4 Nf6 10.Nc3 Bg7 11.Bg5 O-O 12.Qd3 Rfc8 13.Rac1 h6 14.Bd2 a6 15.b3 Qd8
16.Rfd1 Nd7 17.Qh3 Rc5 18.Be3 Rh5 19.Qf3 b5 20.Nd5 bxc4 21.bxc4 e6 22.Nf4 Ra5
23.Rxd6 Qc7 24.Rd2 Ne5 25.Qe2 Ra4 26.Rdc2 Rc8 27.c5 Rxe4 28.f3 Ra4 29.c6 Bf8
30.Nd3 Ba3 31.Nxe5 Qxe5 32.Rd1 Ra5 33.f4 Qf5 34.Qc4 Kh7 35.Rd7 Bc5 36.Bxc5 Rxc6
37.Qd4 Raxc5 38.Rxc5 Rxc5 39.Rxf7+ Qxf7 40.Qxc5 Qxf4  1/2-1/2

[Event "JUG-chT"]
[Site "Niksic"]
[Date "1997.??.??"]
[Round "8"]
[White "Todorovic, Goran M"]
[Black "Arsovic, Zoran"]
[Result "1/2-1/2"]
[WhiteElo "2510"]
[BlackElo "2425"]

1.e4 c5 2.Nf3 d6 3.Bb5+ Bd7 4.Bxd7+ Qxd7 5.c4 Nf6 6.Nc3 Nc6 7.O-O e6 8.d4 cxd4
9.Nxd4 Be7 10.Be3 O-O 11.Rc1 Rac8 12.b3 b6 13.f3 a6 14.Qe2 Rfe8 15.Qf2 Qb7
16.Nxc6 Rxc6 17.Ne2 Rec8 18.Nd4 R6c7 19.a4 Bf8 20.Qb2 Nd7 21.Rfd1 Nc5 22.Qa2 Re8
23.Bf2 Be7 24.a5 bxa5 25.Rb1 a4 26.b4 Nd7 27.c5 dxc5 28.bxc5 Qc8 29.c6 Nf6
30.Bg3 Rxc6 31.Nxc6 Qxc6 32.Rbc1 Qb5 33.Bd6 h5 34.Bxe7 Rxe7 35.Qf2 Rb7 36.Qe3 Qe5
37.Rc5 Qb2 38.Rc8+ Kh7 39.e5 Rb3 40.Qg5 Qe2 41.Rcc1 Rb5 42.Re1 Qb2 43.Qf4 Rb4
44.Rc4 Rxc4 45.Qxc4 Nd5 46.Qxa4 Qd2 47.Qd1 Qc3 48.Qe2 g6 49.Rd1 a5 50.Qd2 Qb3
51.Qd3 Qb2 52.Qd2 Qb3 53.Qd3 Qb2 54.Qd2  1/2-1/2

[Event "JUG-chT"]
[Site "Niksic"]
[Date "1997.??.??"]
[Round "9"]
[White "Rublevsky, Sergei"]
[Black "Georgiev, Kiril"]
[Result "0-1"]
[WhiteElo "2650"]
[BlackElo "2670"]

1.e4 c5 2.Nf3 d6 3.Bb5+ Bd7 4.Bxd7+ Qxd7 5.c4 Nc6 6.Nc3 Nf6 7.O-O g6 8.d4 cxd4
9.Nxd4 Bg7 10.Nde2 O-O 11.f3 a6 12.a4 e6 13.Bg5 Qc7 14.Kh1 Nd7 15.b3 Nc5
16.Rb1 Rfe8 17.Qd2 Nb4 18.Rfd1 Ncd3 19.Bh4 Qb6 20.Na2 d5 21.Nxb4 Nxb4 22.exd5 exd5
23.Nc3 d4 24.Ne4 a5 25.Qf4 f5 26.Qd6 Ra6 27.c5 Qc6 28.Qxc6 Rxc6 29.Nd6 Ra8
30.Nxb7 Nd5 31.Re1 d3 32.Rbd1 Bc3 33.Rxd3 Bxe1 34.Bxe1 Rc7 35.Nxa5 Rxc5 36.Nc4 Nf4
37.Re3 Rd8 38.h3 Rcc8 39.Ba5 Rd3 40.Rxd3 Nxd3 41.Bb6 Nc1 42.a5 Nxb3 43.Nd6 Rc1+
44.Kh2 Ra1 45.Nb7 Kf7 46.Kg3 Ra4 47.h4 Ke6 48.Nd8+ Kd5 49.Nb7 Ra2 50.Kh3 Nd2
51.Nc5 Kd6 52.Nb7+ Kd7 53.Nc5+ Ke7 54.Nb7 Nc4 55.Bc5+ Kd7 56.Bd4 Nxa5 57.Nxa5 Rxa5
58.Be3 Ra2 59.Bh6 Ke6 60.g4 Ra4 61.Kg3 Rc4 62.Bf4 h5 63.gxh5 gxh5 64.Bb8 Kd5
65.Bf4 Kd4 66.Bb8 Kd3 67.Bf4 Ke2 68.Bb8 Rd4 69.Be5 Rd3 70.Kf4 Rxf3+ 71.Kg5 Ke3
72.Kxh5 Ke4 73.Bb8 Rb3 74.Bd6 f4 75.Kg5 Rg3+ 76.Kf6 Rd3 77.Bb8 Rd8 78.Ba7 Kf3
79.h5 Kg4 80.Ke5 Re8+ 81.Kf6 Kxh5 82.Kf5 Rf8+  0-1

[Event "JUG-chT"]
[Site "Niksic"]
[Date "1997.??.??"]
[Round "11"]
[White "Rublevsky, Sergei"]
[Black "Istratescu, Andrei"]
[Result "1-0"]
[WhiteElo "2650"]
[BlackElo "2550"]

1.e4 c5 2.Nf3 d6 3.Bb5+ Bd7 4.Bxd7+ Nxd7 5.O-O Ngf6 6.Qe2 e6 7.d4 cxd4 8.Nxd4 a6
9.c4 g6 10.Nf3 Qc7 11.Rd1 Rc8 12.b3 Bg7 13.Nc3 O-O 14.Bf4 Ne5 15.Nxe5 dxe5
16.Bd2 Rfd8 17.Na4 Rd4 18.f3 Rcd8 19.Be3 Rxd1+ 20.Rxd1 Rxd1+ 21.Qxd1 Nd7
22.c5 Bf8 23.b4 Be7 24.Qd3 Kf8 25.a3 Qc6 26.Nb2 Bd8 27.Nc4 Bc7 28.h3 f6 29.Kh2 Kf7
30.Qb3 f5 31.Qd3 Nf6 32.Nd2 Qd7 33.Qxd7+ Nxd7 34.Kg1 Ke8 35.Kf1 Kd8 36.Ke2 Kc8
37.Nc4 Bd8 38.Bd2 b5 39.cxb6 Bxb6 40.Bc3 Bc7 41.a4 Kb7 42.Kd3 h5 43.Bd2 f4
44.Be1 g5 45.h4 gxh4 46.Bxh4 Kc6 47.Be7 Bb6 48.Nd2 Bf2 49.Nb1 Nb6 50.Nc3 Be1
51.b5+ axb5 52.axb5+ Kc7 53.Nd1 Nd7 54.Nb2 Bf2 55.Na4 Bd4 56.Kc4 Nb6+ 57.Nxb6 Kxb6
58.Bd8+ Kb7 59.Ba5 Ba7 60.Bc3 Bb8 61.Kc5 Bc7 62.Be1  1-0

[Event "JUG-ch52"]
[Site "Niksic"]
[Date "1997.??.??"]
[Round "13"]
[White "Markovic, Miroslav"]
[Black "Popovic, Petar"]
[Result "0-1"]
[WhiteElo "2520"]
[BlackElo "2545"]

1.e4 c5 2.Nf3 d6 3.Bb5+ Bd7 4.Bxd7+ Qxd7 5.O-O Nf6 6.e5 dxe5 7.Nxe5 Qc7 8.d4 cxd4
9.Bf4 Qb6 10.Nd2 e6 11.Nb3 Nc6 12.Nxc6 Qxc6 13.Nxd4 Qd7 14.c4 a6 15.Be5 Bd6
16.Bxf6 gxf6 17.Nf3 O-O-O 18.c5 Bc7 19.Qc1 Rhg8 20.Qc3 f5 21.Rac1 Qd3 22.g3 f4
23.Kg2 fxg3 24.hxg3 Qe2 25.Ng1 Qd2 26.Rfd1 Qxc3 27.Rxd8+ Rxd8 28.Rxc3 Rd2
29.Nf3 Rxb2 30.Ng5 Rxa2 31.Nxf7 Kd7 32.Ng5 h6 33.Rd3+ Ke7 34.Ne4 Rb2 35.g4 a5
36.Rh3 Bf4 37.Rf3 Be5 38.Rh3 Rb4 39.Nd2 Rxg4+ 40.Kf3 Rf4+ 41.Ke2 Bd4 42.Nb3 a4
43.Na5 Bxc5 44.Nxb7 Bb4 45.Ke3 Rc4 46.Rxh6 a3 47.Rh7+ Ke8 48.Rh8+ Kd7 49.Ra8 Rc7
50.Na5 a2 51.Nb3 Rc3+ 52.Ke4 Rxb3 53.Ra7+ Kd6 54.Ra6+ Ke7  0-1

[Event "North Bay op"]
[Site "North Bay"]
[Date "1997.??.??"]
[Round "3"]
[White "Charbonneau, Pascal"]
[Black "Serper, Grigory"]
[Result "0-1"]
[WhiteElo "2120"]
[BlackElo "2540"]

1.e4 c5 2.Nf3 d6 3.Bb5+ Bd7 4.Bxd7+ Nxd7 5.O-O Ngf6 6.Re1 e6 7.c3 Be7 8.d4 O-O
9.e5 Nd5 10.c4 N5b6 11.dxc5 Nxc5 12.exd6 Qxd6 13.Qxd6 Bxd6 14.b3 Be7 15.Be3 Rfd8
16.Nbd2 Nbd7 17.Red1 f6 18.Nd4 Kf7 19.b4 Nd3 20.a3 N7e5 21.h3 a5 22.f4 Nxf4
23.Nb5 Nfd3 24.Bb6 Rd7 25.Bxa5 Nb2  0-1

[Event "Nova Gorica op"]
[Site "Nova Gorica"]
[Date "1997.??.??"]
[Round "8"]
[White "Doric, Nenad"]
[Black "Tratar, Marko"]
[Result "0-1"]
[WhiteElo "2250"]
[BlackElo "2420"]

1.e4 c5 2.Nf3 d6 3.Bb5+ Nd7 4.d4 Nf6 5.e5 Qa5+ 6.Nc3 Ne4 7.Bd2 Nxc3 8.Bxd7+ Bxd7
9.Bxc3 Qa6 10.d5 Qc4 11.exd6 exd6 12.Qd3 Qxd3 13.cxd3 f6 14.O-O-O Kf7 15.Nd2 b5
16.b3 Be7 17.d4 c4 18.Kb2 a5 19.a3 Rhb8 20.b4 a4 21.Nf1 Re8 22.Bd2 Bf5 23.Re1 Bd3
24.Ne3 f5 25.Nd1 Bf6 26.Kc3 Be4 27.Ne3 g6 28.f3 Bd3 29.Nd1 Rxe1 30.Rxe1 Re8
31.Rxe8 Kxe8 32.Ne3 Kf7 33.Nd1 g5 34.f4 h6 35.g3 Be4 36.Ne3 gxf4 37.gxf4 Bh4
38.Nxc4 bxc4 39.Kxc4 Ke8 40.b5 Bd8 41.Bb4 Kd7 42.Bc5 dxc5 43.dxc5 Bc7  0-1